000 00427nam a2200157 i 4500
001 95499
003 ES-MaACL
005 20230906181723.0
007 t|
008 050530s1902 sp ||||1| spa d
100 1 _aLlanas Aguilaniedo, José María.
_9128994
245 1 0 _aNavegar pintoresco /
_cJosé María Llanas Aguilamiedo.
260 _aMadrid :
_bFe,
_c1902.
300 _a320 p. ;
_c19 cm.
852 _aES-MaACL
_jF-9841
999 _c95499
_d95499